| Tag |
First Indicator |
Second Indicator |
Subfields |
| LEADER |
00000cam a2200000 a 4500 |
| 001 |
in00001219082 |
| 005 |
20151003052656.0 |
| 008 |
940228s1994 at b 001 0 eng |
| 010 |
|
|
|a 94123896
|
| 020 |
|
|
|a 0702225967
|
| 035 |
|
|
|a (OCoLC)30612323
|
| 035 |
|
|
|9 AGR6480AM
|
| 040 |
|
|
|a DLC
|c DLC
|d TXA
|d UtOrBLW
|
| 049 |
|
|
|a TXAM
|
| 050 |
0 |
0 |
|a PR9619.3.C36
|b Z69 1994
|
| 082 |
0 |
0 |
|a 823
|2 20
|
| 100 |
1 |
|
|a Hassall, Anthony J.
|
| 245 |
1 |
0 |
|a Dancing on hot macadam :
|b Peter Carey's fiction /
|c Anthony J. Hassall.
|
| 264 |
|
1 |
|a St Lucia, Qld., Australia :
|b University of Queensland Press ;
|c 1994.
|
| 264 |
|
2 |
|a Portland, Or. :
|b Distributed by International Specialized Book Services,
|
| 300 |
|
|
|a xix, 204 pages ;
|c 22 cm.
|
| 336 |
|
|
|a text
|b txt
|2 rdacontent
|
| 337 |
|
|
|a unmediated
|b n
|2 rdamedia
|
| 338 |
|
|
|a volume
|b nc
|2 rdacarrier
|
| 490 |
1 |
|
|a UQP studies in Australian literature
|
| 504 |
|
|
|a Includes bibliographical references and index.
|
| 600 |
1 |
0 |
|a Carey, Peter
|x Criticism and interpretation.
|
| 830 |
|
0 |
|a UQP studies in Australian literature.
|
| 999 |
|
|
|a MARS
|
| 999 |
f |
f |
|s 95b638ef-373c-3f09-bb44-efeb7e3677a7
|i 408e19a6-60d9-39b3-8dbc-45a4b38af6f1
|t 0
|
| 952 |
f |
f |
|p ric
|a Texas A&M University
|b Rellis Campus
|c Joint Library Facility
|d Remote Storage
|t 0
|e PR9619.3.C36 Z69 1994
|h Library of Congress classification
|i unmediated -- volume
|m A14818968332
|
| 998 |
f |
f |
|a PR9619.3.C36 Z69 1994
|t 0
|l Remote Storage
|